000 00652nam a22001337a 4500
003 macl
005 20231105132641.0
008 231105b |||||||| |||| 00| 0 eng d
040 _cmacl
245 _aमध्‍य प्रदेश लोक सेवा आयोग मुख्‍य परीक्षा दर्पणआधुनिकभारत का इतिहास (प्रश्‍न पत्र 1 खंड अ इकाई 2) By: संजय गुप्‍ता
260 _a ग्‍वालियर
_b ग्‍वालियर निर्माण IAS
_c 2020
650 _aइतिहास
942 _2ddc
_cHIN
999 _c66324
_d66324